Normal view
MARC view
Entry Personal Name
001 - CONTROL NUMBER
- control field: 86134
003 - CONTROL NUMBER IDENTIFIER
- control field: dpl
005 - DATE AND TIME OF LATEST TRANSACTION
- control field: 20251217160228.0
008 - FIXED-LENGTH DATA ELEMENTS
- fixed length control field: 251217|| aca||aabn | a|a d
040 ## - CATALOGING SOURCE
- Original cataloging agency: dpl
- Transcribing agency: dpl
100 ## - HEADING--PERSONAL NAME
- Personal name: Kukreja, Reena
670 ## - SOURCE DATA FOUND
- Source citation: Work cat.: (dpl)213957: Kukreja, Reena, Why Would i Be Married here?/ , 2022
